000 00329nam a22001337a 4500
003 SGT
020 _a9788188449725
082 _a613.2
_bAUG
100 _aAUGUSTI K.T
245 _aROLE OF DIETARY FIBERS AND NUTRACEUTICALS IN PREVENTING DISEASES
260 _aINDIA
_bPHARMA MED PUB
_c2009
300 _a525
942 _2ddc
_cBK
999 _c34498
_d34498